The land I dream of : (Record no. 91480)

MARC details
000 -LEADER
fixed length control field 00599nam a22001817a 4500
005 - DATE AND TIME OF LATEST TRANSACTION
control field 20150320103915.0
010 ## - LCCN (DPL NO)
LC control number ENG-112185
020 ## - INTERNATIONAL STANDARD BOOK NUMBER
International Standard Book Number 9789350092224
Terms of availability 399.00
035 ## - SYSTEM CONTROL NUMBER
System control number EN-95717
037 ## - SOURCE OF ACQUISITION
Source of stock number/acquisition DBAD/PUB
082 ## - DEWEY DECIMAL CLASSIFICATION NUMBER
Classification number 305.4209546
100 ## - MAIN ENTRY--PERSONAL NAME
Personal name Sobhrajani, Manisha
245 ## - TITLE STATEMENT
Title The land I dream of :
Statement of responsibility, etc by Manisha Sobhrajani
Remainder of title the story of Kashmir's women /
260 ## - PUBLICATION, DISTRIBUTION, ETC. (IMPRINT)
Place of publication, distribution, etc Gurgaon
Name of publisher, distributor, etc Hachette Book Publishing
Date of publication, distribution, etc 2013
270 ## - ADDRESS
Address 4th & 5th Floor, Corporate Centre, Plot No.94, Sector -44
City Gurgaon
Postal code 122003
300 ## - PHYSICAL DESCRIPTION
Extent 190p.
Dimensions 21cm(pbk)
942 ## - ADDED ENTRY ELEMENTS (KOHA)
Source of classification or shelving scheme Dewey Decimal Classification
Item type English Books
Call number suffix SOB
Classification part 305.4209546
Holdings
Withdrawn status Lost status Not for loan Collection code Home library Current library Date acquired Source of acquisition Cost, normal purchase price Full call number Barcode Copy number Cost, replacement price Koha item type
    Not For Loan Non-fiction D.B.Act.Division D.B.Act.Division 18/02/2015 DBAD/PUB 399.00 305.4209546 SOB EN-95717 1 399.00 English Books

© Delhi Public Library
Hit Counter
free hit counter